| 000 | 00610nam a2200205 a 4500 | ||
|---|---|---|---|
| 005 | 20140310183441.0 | ||
| 008 | 080521s19uu xx 00 eng d | ||
| 020 | _a9781412918893 | ||
| 050 |
_aLC 3986.G7 _b.R39 2007 |
||
| 100 | _aRayner, Steve | ||
| 245 |
_aManaging special and inclusive education / _cRayner, Steve |
||
| 260 |
_aLos Angeles : _bSage Publications, _c2007. |
||
| 300 |
_a215 p. : _bill. ; _c24 cm. |
||
| 440 | _aBelmas series | ||
| 521 | _aEDU | ||
| 650 |
_aSpecial education _xUnited States. |
||
| 650 |
_aInclusive education _xUnited States. |
||
| 942 |
_cBK _2lcc _kFOR |
||
| 999 |
_c23114 _d23114 |
||